¿Buñuel! (Record no. 186499)

MARC details
000 -LEADER
campo de control de longitud fija 01314nam a2200301 i 4500
001 - NÚMERO DE CONTROL
campo de control 186499
003 - IDENTIFICADOR DE NÚMERO DE CONTROL
campo de control SpMaBN
005 - FECHA Y HORA DE LA ÚLTIMA TRANSACCIÓN
campo de control 20250905102002.0
008 - DATOS DE LONGITUD FIJA--INFORMACIÓN GENERAL
campo de control de longitud fija 161118s1996 sp aco |||| |dspa d
020 ## - NÚMERO INTERNACIONAL ESTÁNDAR DEL LIBRO
Número Internacional Estándar del Libro 84-8026-070-X
080 ## - NÚMERO DE LA CLASIFICACIÓN DECIMAL UNIVERSAL
Número de la Clasificación Decimal Universal 791.44 Buñuel, Luis (064.3)
245 01 - MENCIÓN DEL TÍTULO
Título ¿Buñuel!
Resto del título : la mirada del siglo /
Mención de responsabilidad, etc. edición a cargo de Yasha David ; exposicion organizada y producida por el Museo Nacional Centro de Arte Reina Sofía y el Consejo Nacional para la Cultura y las Artes de México.
260 ## - PUBLICACIÓN, DISTRIBUCIÓN, ETC.
Lugar de publicación, distribución, etc. [Madrid] :
Nombre del editor, distribuidor, etc. Museo Nacional Centro de Arte Reina Sofía,
Fecha de publicación, distribución, etc. [1996]
300 ## - DESCRIPCIÓN FÍSICA
Extensión 414 p. :
Otras características físicas il., fot., retr. ;
Dimensiones 28 cm.
500 ## - NOTA GENERAL
Nota general Cronología 1900-1939.
500 ## - NOTA GENERAL
Nota general Filmografía 1929-1977.
501 ## - NOTA DE CON
Nota de "Con" Incluye: Una jirafa / Luis Buñuel (interior de cub.)
504 ## - NOTA DE BIBLIOGRAFÍA, ETC.
Nota de bibliografía, etc. Bibliografía: p. 382-388.
505 8# - NOTA DE CONTENIDO CON FORMATO
Nota de contenido con formato Contiene: Documentos ;
Título Un perro andaluz ;
-- La edad de oro ;
-- Las Hurdes ;
-- Viridiana
600 17 - PUNTO DE ACCESO ADICIONAL DE MATERIA--NOMBRE DE PERSONA
Nombre de persona Buñuel, Luis,
Fechas asociadas al nombre 1900-1983-
Subdivisión de forma Exposiciones
Fuente del encabezamiento o término
9 (RLIN) 142641
655 #7 - TERMINO DE INDIZACIÓN--GENERO/FORMA
Fuente del término tgfbne
9 (RLIN) 193628
Datos o término principal de género/forma Catálogos de exposiciones
710 2# - ENTRADA AGREGADA--NOMBRE DE ENTIDAD CORPORATIVA
Nombre de entidad corporativa o nombre de jurisdicción como elemento de entrada Museo Nacional Centro de Arte Reina Sofía
9 (RLIN) 147737
710 2# - ENTRADA AGREGADA--NOMBRE DE ENTIDAD CORPORATIVA
Nombre de entidad corporativa o nombre de jurisdicción como elemento de entrada Consejo Nacional para la Cultura y las Artes (México)
9 (RLIN) 161319
740 02 - ENTRADA AGREGADA--TÍTULO RELACIONADO/ANALÍTICO NO CONTROLADO
Título relacionado o analítico no controlado Una jirafa.
852 ## - LOCALIZACIÓN
Ubicación ES-MaACL
Número de control de estantería L-30843
942 ## - ELEMENTOS DE ENTRADA SECUNDARIOS (KOHA)
Fuente del sistema de clasificación o colocación Clasificación decimal universal
Holdings
Estatus retirado Estado de pérdida Estado de daño No para préstamo Biblioteca de origen Biblioteca actual Ubicación en estantería Fecha de adquisición Fuente de adquisición Total de préstamos Signatura topográfica completa Código de barras Visto por última vez Precio de reemplazo Tipo de ítem Koha
        Biblioteca del Ateneo de Madrid Biblioteca del Ateneo de Madrid Depósito 2 18/11/2016     L-30843 1196665 23/02/2023 23/02/2023 Libro impreso